Spain 2026 FIFA World Cup Squad - Statistics

General Stats
  • This quiz has been taken 3 times
  • The average score is 18 of 27
Answer Stats
Hint Answer % Correct
GK D. Raya
100%
DF E. Garcia
100%
MF Gavi
100%
GK J. Garcia
100%
FW L. Yamal
100%
FW N. Williams
100%
MF Pedri
100%
GK U. Simon
100%
DF A. Grimaldo
67%
FW D. Olmo
67%
MF Fabián Ruiz
67%
FW F. Torres
67%
Manager Luis de la Fuente
67%
DF M. Cucurella
67%
MF M. Merino
67%
FW M. Oyarzabal
67%
MF M. Zubimendi
67%
DF P. Cubarsí
67%
DF P. Porro
67%
MF Rodri
67%
MF Á. Baena
33%
DF A. Laporte
33%
FW B. Iglesias
33%
DF M. Llorente
33%
DF M. Pubill
33%
FW V. Munoz
33%
FW Y. Pino
33%
No matching quizzes found
Score Distribution
Percent of People with Each Score
Percentile by Number Answered
Your Score History
You have not taken this quiz